MARC details
| 000 -CABECERA |
| campo de control de longitud fija |
02715cam a2200313 i 4500 |
| 001 - NÚMERO DE CONTROL |
| campo de control |
22925860 |
| 005 - FECHA Y HORA DE LA ÚLTIMA TRANSACCIÓN |
| campo de control |
20250327160251.0 |
| 008 - DATOS DE LONGITUD FIJA--INFORMACIÓN GENERAL |
| campo de control de longitud fija |
230111t20232023dcua b 001 0 eng |
| 010 ## - NÚMERO DE CONTROL DE LA BIBLIOTECA DEL CONGRESO |
| Número de control de LC |
2023000808 |
| 020 ## - NÚMERO INTERNACIONAL ESTÁNDAR DEL LIBRO |
| Número Internacional Estándar del Libro |
9781426223303 |
| Información calificativa |
(hardcover) |
| 040 ## - FUENTE DE LA CATALOGACIÓN |
| Centro catalogador/agencia de origen |
PSt/DLC |
| Lengua de catalogación |
eng |
| Normas de descripción |
rda |
| Centro/agencia transcriptor |
DLC |
| 042 ## - CÃDIGO DE AUTENTICACIÃN |
| Código de autenticación |
pcc |
| 043 ## - CÓDIGO DE ÁREA GEOGRÁFICA |
| Código de área geográfica |
zo----- |
| 050 00 - SIGNATURA TOPOGRÁFICA DE LA BIBLIOTECA DEL CONGRESO |
| Número de clasificación |
QB44.3 |
| Número de documento/Ítem |
.T97 2023 |
| 100 ## - ENTRADA PRINCIPAL--NOMBRE DE PERSONA |
| Nombre de persona |
Tyson, Neil deGrasse, |
| Término indicativo de función/relación |
author. |
| 9 (RLIN) |
25078 |
| 245 10 - MENCIÓN DE TÍTULO |
| Título |
To infinity & beyond |
| Resto del título |
: a journey of cosmic discovery |
| Mención de responsabilidad, etc. |
/ Neil deGrasse Tyson, Lindsey Nyx Walker. |
| 246 3# - FORMA VARIANTE DE TÍTULO |
| Título propio/Titulo breve |
To infinity and beyond |
| 264 #1 - PRODUCCIÓN, PUBLICACIÓN, DISTRIBUCIÓN, FABRICACIÓN Y COPYRIGHT |
| Producción, publicación, distribución, fabricación y copyright |
Washington, D.C. : |
| Nombre del de productor, editor, distribuidor, fabricante |
National Geographic Books, |
| Fecha de producción, publicación, distribución, fabricación o copyright |
[2023] |
| 264 #4 - PRODUCCIÓN, PUBLICACIÓN, DISTRIBUCIÓN, FABRICACIÓN Y COPYRIGHT |
| Fecha de producción, publicación, distribución, fabricación o copyright |
©2023. |
| 300 ## - DESCRIPCIÓN FÍSICA |
| Extensión |
319 pages : |
| Otras características físicas |
color illustrations ; |
| Dimensiones |
24 cm |
| 504 ## - NOTA DE BIBLIOGRAFÍA, ETC. |
| Nota de bibliografía, etc. |
Includes bibliographical references and index. |
| 505 0# - NOTA DE CONTENIDO CON FORMATO |
| Nota de contenido con formato |
Introduction: The Cosmic Odyssey — Leaving Earth — Touring the Sun's Backyard — Into Outer Space — To Infinity and Beyond. |
| 520 ## - SUMARIO, ETC. |
| Sumario, etc. |
This enlightening illustrated narrative by the world’s most celebrated astrophysicist explains the universe from the solar system to the farthest reaches of space with authority and humor.<br/><br/>No one can make the mysteries of the universe more comprehensible and fun than Neil deGrasse Tyson. Drawing on mythology, history, and literature—alongside his trademark wit and charm—Tyson and StarTalk senior producer Lindsey Nyx Walker bring planetary science down to Earth and principles of astrophysics within reach. In this entertaining book, illustrated with vivid photographs and art, readers travel through space and time, starting with the Big Bang and voyaging to the far reaches of the universe and beyond. Along the way, science greets pop culture as Tyson explains the triumphs—and bloopers—in Hollywood’s blockbusters: all part of an entertaining ride through the cosmos.<br/><br/>The book begins as we leave Earth, encountering new truths about our planet’s atmosphere, the nature of sunlight, and the many missions that have demystified our galactic neighbors. But the farther out we travel, the weirder things get. What’s a void and what’s a vacuum? How can light be a wave and a particle at the same time? When we finally arrive in the blackness of outer space, Tyson takes on the spookiest phenomena of the cosmos: parallel worlds, black holes, time travel, and more.<br/><br/>For science junkies and fans of the conundrums that astrophysicists often ponder, To Infinity and Beyond is an enlightening adventure into the farthest reaches of the cosmos. |
| 650 #0 - PUNTO DE ACCESO ADICIONAL DE MATERIA--TÉRMINO DE MATERIA |
| Término de materia o nombre geográfico como elemento de entrada |
Astronomy |
| Subdivisión de forma |
Popular works. |
| 650 #0 - PUNTO DE ACCESO ADICIONAL DE MATERIA--TÉRMINO DE MATERIA |
| Término de materia o nombre geográfico como elemento de entrada |
Cosmology |
| Subdivisión de forma |
Popular works. |
| 651 #0 - PUNTO DE ACCESO ADICIONAL DE MATERIA--NOMBRE GEOGRÁFICO |
| Nombre geográfico |
Outer space |
| Subdivisión general |
Exploration |
| Subdivisión de forma |
Popular works. |
| 700 ## - ENTRADA AGREGADA--NOMBRE PERSONAL |
| Nombre de persona |
Walker, Lindsey N., |
| Término indicativo de función/relación |
author. |
| 9 (RLIN) |
25081 |
| 942 ## - ELEMENTOS DE ENTRADA AGREGADA (KOHA) |
| Fuente del sistema de clasificación o colocación |
Clasificación de Library of Congress |